| 000 | 01864nam a22002057a 4500 | ||
|---|---|---|---|
| 003 | IT-MiCISF | ||
| 005 | 20260303150813.0 | ||
| 008 | 260303b |||||||| |||| 00| 0 eng d | ||
| 020 | _a9788892247994 | ||
| 040 | _cIT-MiCISF | ||
| 100 |
_aRicci Alessandro _963433 |
||
| 245 | _aE' l'ora di educazione sessuale | ||
| 260 |
_aCinisello B. (MI), _bSan Paolo, _c2025 |
||
| 300 | _app. 189 | ||
| 500 | _aeducazione, affettività, educazione-sessuale, famiglia, scuola, preadolescenza, adolescenza, nuovi-media | ||
| 520 | _aLa sessualità è un aspetto dello sviluppo che coinvolge la persona a vari livelli: sensoriale, sociale, cognitivo, affettivo, morale ed emotivo; pertanto non ci si può permettere di ignorarla nel corso della crescita dei nostri bambini e ragazzi. Tutte le ricerche concordano rispetto al fatto che l’argomento affettività-sessualità non è mai oggetto di dialogo aperto fra genitori e figli, sia per i maschi sia per le femmine. I genitori sanno quasi sempre, da indizi e congetture, che i propri figli hanno una loro vita affettiva-sessuale ma, come se esistesse un tacito accordo, non ne parlano. È l’ora per genitori e educatori di affrontare il tema della formazione all’affettività-emotività e sessualità dei bambini e dei ragazzi anche per facilitare ragazzi e ragazze ad acquisire conoscenza e consapevolezza delle proprie emozioni e di quelle altrui, promuovendo il benessere e il rispetto reciproco. Questo libro si rivolge proprio a loro, genitori, insegnanti ed educatori che, seguendo alcune indicazioni e utilizzando i materiali proposti in base alla loro sensibilità, saranno in grado di affrontare questo percorso con la giusta serenità, guidando bambini e adolescenti verso una sana, corretta e positiva educazione affettiva-sessuale. | ||
| 650 | _aEducazione | ||
| 654 | _asaggio | ||
| 942 |
_2ddc _cBK |
||
| 999 |
_c360730 _d360730 |
||